000 00398nam a2200145Ia 4500
008 151015s9999 xx 000 0 und d
020 _a138570612
050 _aGC 16 T45 2000
245 _aThurman V. Harold
250 _a_Introductory Oceanography(9th ed)
300 _aU.S.A prentice Hall 2000
500 _aIncludes Index
650 _a_Deep Ocean
700 _a^d20140127 10:36:18^omwanik
999 _c3505
_d3505